000 00367nam a2200109Ia 4500
008 220204s9999 xx 000 0 und d
082 _a631.4:016(540)
_bRAO
245 0 _aSoil science research in India (A Bibliography of IISS Scientists Research Contribution) 1988-2008
260 _aBhopal
_bIndian Institute of Soil Science
_c2008
700 _aRao, A.S.
942 _cBK
999 _c44344
_d44344